Los Angeles Chargers: Pro Bowl Selections - Statistics

General Stats
  • This quiz has been taken 602 times
    32 since last reset
  • The average score is 22 of 103
Answer Stats
Position Amount of Selections Player % Correct
QB 2 Justin Herbert
100%
QB 8 Philip Rivers
93%
WR 6 Keenan Allen
89%
LB 2 Chuck Allen
82%
RB 5 LaDanian Tomlinson
82%
TE 7 Antonio Gates
79%
QB 6 Dan Fouts
71%
LB 12 Junior Seau
71%
K 1 Cameron Dicker
61%
CB 5 Derwin James
61%
DT 3 Jamal Williams
57%
WR 7 Lance Alworth
57%
DE 2 Lee Williams
57%
QB 1 Drew Brees
54%
T 1 Joe Alt
54%
RB 1 Earnest Jackson
50%
WR 2 Vincent Jackson
50%
DE 5 Joey Bosa
46%
QB 5 John Hadl
43%
TE 5 Kellen Winslow
43%
RB 2 Melvin Gordon
43%
T 2 Rashawn Slater
43%
LB 3 Khalil Mack
39%
DE 1 Deacon Jones
36%
FB 3 Lorenzo Neal
36%
RB 1 Ryan Mathews
36%
DT 4 Gary Johnson
32%
WR 3 Charlie Joiner
29%
C 1 Corey Linsley
29%
CB 1 Dick Harris
29%
G 1 Ed White
29%
WR 3 John Jefferson
29%
WR 4 Anthony Miller
25%
DE 3 Melvin Ingram
25%
LB 3 Shawne Merriman
25%
CB 2 Casey Hayward
18%
RB 2 Chuck Muncie
18%
CB 3 Eric Weddle
18%
CB 1 Jason Verrett
18%
DE 6 Leslie O'Neal
18%
RB 1 Natrone Means
18%
T 8 Ron Mix
18%
WR 3 Wes Chandler
18%
RB 1 Gary Anderson
14%
RB 2 Marion Butts
14%
K 1 Nate Kaeding
14%
C 1 Nick Hardwick
14%
CB 2 Rodney Harrison
14%
CB 1 Antonio Cromartie
11%
RB 2 Dickie Post
11%
LB 1 Donnie Edwards
11%
DT 4 Ernie Ladd
11%
DE 3 Fred Dean
11%
WR 4 Gary Garrison
11%
RB 2 Paul Lowe
11%
T 5 Russ Washington
11%
LB 1 Tuli Tuipulotu
11%
CB 1 Adrian Phillips
7%
P 2 Darren Bennett
7%
TE 4 Dave Kocourek
7%
G 3 Doug Wilkerson
7%
CB 2 Gill Byrd
7%
QB 2 Jack Kemp
7%
K 1 John Carney
7%
CB 4 Kenny Graham
7%
G 4 Kris Dielman
7%
DE 1 Marcellus Wiley
7%
K 1 Rolf Benirschke
7%
DE 1 Shaun Phillips
7%
WR 1 Tony Martin
7%
G 9 Walt Sweeney
7%
CB 1 Charlie McNeil
4%
CB 1 Darrell Stuckey
4%
DE 5 Earl Faison
4%
RB 1 Eric Metcalf
4%
TE 2 Jacque MacKinnon
4%
FB 4 Keith Lincoln
4%
DT 3 Louie Kelcher
4%
C 1 Mike Pouncey
4%
P 1 Ralf Mojsiejenko
4%
RB 1 Ronnie Harmon
4%
T 1 Russell Okung
4%
CB 1 Ryan McNeil
4%
CB 3 Speedy Duncan
4%
DT 1 Bill Hudson
0%
RB 1 Brad Hubbert
0%
C 1 David Binn
0%
K 1 Dick Van Raaphorst
0%
DE 2 Don Norton
0%
LB 3 Emil Karas
0%
T 3 Ernie Wright
0%
LB 3 Frank Buncom
0%
CB 1 George Blair
0%
CB 1 Hanik Milligan
0%
T 1 Jim Lachey
0%
WR 3 Kassim Osgood
0%
T 2 Marcus McNeill
0%
LB 1 Paul Maguire
0%
TE 1 Reggie Carolan
0%
LB 1 Rick Redman
0%
DE 1 Steve DeLong
0%
QB 1 Tobin Rote
0%
TE 2 Willie Frazier
0%
No matching quizzes found
Score Distribution
Percent of People with Each Score
Percentile by Number Answered
Your Score History
You have not taken this quiz since the last reset